000 00420nam a2200145 a 4500
001 000032027
005 20200930063352.0
008 110712s19uu dr a 000 0 spa d
040 _aDO-SdBNP
_bspa
_cBNPHU
082 _axxx
_bA634
245 0 0 _aAntología viva de la poesía dominicana.
260 _a[Santo Domingo] :
_bPatronato del Teatro Nacional,
_c[s.f.].
300 _a[20 p.] :
_bretrs. ;
_c22 cm.
049 _aBNPD
999 _c31518
_d31518